PROFESSIONAL COMMUNICATION (Record no. 44095)
[ view plain ]
| 000 -LEADER | |
|---|---|
| fixed length control field | nam a22 7a 4500 |
| 003 - CONTROL NUMBER IDENTIFIER | |
| control field | OSt |
| 005 - DATE AND TIME OF LATEST TRANSACTION | |
| control field | 20180502123542.0 |
| 008 - FIXED-LENGTH DATA ELEMENTS--GENERAL INFORMATION | |
| fixed length control field | 180502b xxu||||| |||| 00| 0 eng d |
| 040 ## - CATALOGING SOURCE | |
| Transcribing agency | IIMT UNIVERSITY MEERUT |
| 082 ## - DEWEY DECIMAL CLASSIFICATION NUMBER | |
| Edition number | 9TH |
| Item number | 283 |
| 100 ## - MAIN ENTRY--PERSONAL NAME | |
| Personal name | KONERU,A |
| 245 ## - TITLE STATEMENT | |
| Title | PROFESSIONAL COMMUNICATION |
| Statement of responsibility, etc. | AUTHOR |
| Medium | ENGLISH |
| 260 ## - PUBLICATION, DISTRIBUTION, ETC. | |
| Place of publication, distribution, etc. | DELHI |
| Name of publisher, distributor, etc. | TMH |
| Date of publication, distribution, etc. | 2012 |
| 300 ## - PHYSICAL DESCRIPTION | |
| Other physical details | 9TH ED.500 PP. |
| Accompanying material | PAPERBACK |
| 760 ## - MAIN SERIES ENTRY | |
| Edition | 9TH ED. |
| 856 ## - ELECTRONIC LOCATION AND ACCESS | |
| Materials specified | PAPERBACK |
| 887 ## - NON-MARC INFORMATION FIELD | |
| Source of data | ACCESSION REGISTER |
| 942 ## - ADDED ENTRY ELEMENTS (KOHA) | |
| Source of classification or shelving scheme | |
| Koha item type | Text-Book- for 7 days |
| Edition | 9TH ED. |
| Classification part | TITLE |
| Item part | BOOK |
| Call number prefix | 403.213KON |
| Call number suffix | 403.213KON |
| Withdrawn status | Lost status | Source of classification or shelving scheme | Materials specified (bound volume or other part) | Damaged status | Not for loan | Home library | Current library | Date acquired | Source of acquisition | Coded location qualifier | Cost, normal purchase price | Inventory number | Total Checkouts | Full call number | Barcode | Date last seen | Uniform Resource Identifier | Cost, replacement price | Price effective from | Koha item type | Public note |
|---|---|---|---|---|---|---|---|---|---|---|---|---|---|---|---|---|---|---|---|---|---|
| PAPER BACK | IIMT College of Architecture | IIMT College of Architecture | 05/02/2018 | TRANSFER UNIVERSITY LIBRARY | ARCHITECTU | 200.00 | TRANSFER UNIVERSITY LIBRARY | 403.283KON | 24-B-283 | 05/02/2018 | ARCHITECTURE | 200.00 | 04/30/2018 | Text-Book- for 7 days | ENGLISH |

